Autonómia és világrend: bűn, sors és élettörténet Tengelyi László munkássága az 1980as és 90-es években

Elmentve itt :
Bibliográfiai részletek
Szerző: Szegedi Nóra
További közreműködők: Ullmann Tamás
Adatforrás:Philobibl
Forrásdokumentuma:Korunk
26.2015:6. p. 67-72.
Dokumentumtípus: Cikk
Nyelv:magyar
Kulcsszavak:filozófia, magyar
filozófiatörténet
etika
morális autonómia
Tengelyi László
Kant, I.
fenomenológia
LEADER 00626nab a2200193 c 4500
001 bibPHI0045139
005 20200924125423.9
008 150527s2015 rm hun
100 1 |a Szegedi Nóra 
245 1 0 |a Autonómia és világrend: bűn, sors és élettörténet  |b Tengelyi László munkássága az 1980as és 90-es években  |c Szegedi Nóra, Ullmann Tamás 
695 |a filozófia, magyar 
695 |a filozófiatörténet 
695 |a etika 
695 |a morális autonómia 
695 |a Tengelyi László 
695 |a Kant, I. 
695 |a fenomenológia 
700 1 |a Ullmann Tamás 
773 0 |t Korunk  |g 26.2015:6. p. 67-72.